Statistics for Br- Vocabulary Words

Click here to take the quiz!

General Stats

  • This quiz has been taken 159 times
  • The average score is 9 of 20

Answer Stats

hintword% Correct
banks and trees both have thesebranches
90%
organ with 2% of the body's weightbrain
88%
swimming strokebreaststroke
84%
car partbrake
71%
hard but easily brokenbrittle
70%
abrupt in mannerbrusque
59%
element Brbromine
56%
sautée then lightly simmerbraise
54%
high Indian priestly casteBrahmin
45%
[ or ]bracket
42%
slang for moneybread
39%
shortness of durationbrevity
34%
edge; critical pointbrink
29%
two of somethingbrace
21%
French restaurantbrasserie
21%
fish speciesbream
21%
shortness of durationbriefness
21%
what kiwirage says when he likes a quizbravo
20%
wild horse in Australiabrumby
13%
reckless, especially speedwisebreakneck
11%

Score Distribution

Percentile by Number Answered

Percent of People with Each Score

Your Score History

You have not taken this quiz